000 00824nas a2200253 4500
001 BR0800332
003 BR-BrBNA
005 20231205111449.0
007 ta
008 230509b bl.|||p| |||| 00| 00por d
040 _aBR-BrBNA
_bpor
_cBiblioteca Nacional de Agricultura
041 _a(Pt)
072 _aL02
100 1 _aKagivara, F.
100 1 _aAbilhôa, V.
245 1 _aA alimentação do Peixe-lagarto Synodus foetens Linnaeus, 1766 em um banco areno-lodoso da ilha do Mel, Paraná, Brasil
650 _aPEIXE
650 _aNUTRIÇÃO ANIMAL
650 _aILHA DO MEL
650 _aPARANÁ
773 0 _tArquivos de Ciências Veterinárias e Zoologia da UNIPAR (Brazil)
_xISSN 1415-8167
_g(Jan-Jul 2000), v. 3(1) p. 09-17
_wBR0800332
909 _a202311
_bLúcia
_c55
_dLúcia Elande
942 _2AGRIS
_n0
_cANA
999 _c192872
_d192872